| 000 | 00487nam a2200193Ia 4500 | ||
|---|---|---|---|
| 003 | OSt | ||
| 005 | 20250915170143.0 | ||
| 008 | 210210b1992 xxu||||| |||| 00| 0 eng d | ||
| 040 | _cAL | ||
| 041 | _aTulu | ||
| 082 | _aT894.2 MANT | ||
| 100 |
_aMANU IDYA. _dಮನು ಇಡ್ಯಾ _9238727 |
||
| 245 |
_aTirsanku. _bತಿರ್ಸಂಕು. |
||
| 260 |
_aSuratkal _bSingara Suratkal _c1992 |
||
| 300 | _a53 | ||
| 690 |
_aTulu Drama _9238728 |
||
| 906 | _a046563 | ||
| 942 |
_2ddc _cBK |
||
| 999 |
_c95648 _d95648 |
||